| Tag |
First Indicator |
Second Indicator |
Subfields |
| LEADER |
00000cam a22000004a 4500 |
| 001 |
in00001773321 |
| 005 |
20151025083802.0 |
| 008 |
010307s2002 caua b 001 0 eng |
| 010 |
|
|
|a 2001023758
|
| 020 |
|
|
|a 0534590047
|
| 020 |
|
|
|a 0534590055
|
| 035 |
|
|
|a (OCoLC)ocm46449258
|
| 040 |
|
|
|a DLC
|c DLC
|d C#P
|d AGL
|d VET
|d TXA
|d UtOrBLW
|
| 042 |
|
|
|a pcc
|
| 049 |
|
|
|a TXAM
|
| 050 |
0 |
0 |
|a QP141
|b .W46 2002
|
| 070 |
0 |
|
|a QP141
|b .W46 2002
|
| 072 |
|
0 |
|a T100
|
| 082 |
0 |
0 |
|a 613.2
|2 21
|
| 096 |
|
|
|a QU 145 W618u 2002
|
| 100 |
1 |
|
|a Whitney, Eleanor Noss.
|
| 245 |
1 |
0 |
|a Understanding nutrition /
|c Eleanor Noss Whitney, Sharon Rady Rolfes.
|
| 250 |
|
|
|a 9th ed.
|
| 264 |
|
1 |
|a Belmont, CA :
|b Wadsworth,
|c [2002]
|
| 264 |
|
4 |
|c ©2002
|
| 300 |
|
|
|a 1 volume (various pagings) :
|b color illustrations ;
|c 29 cm.
|
| 336 |
|
|
|a text
|b txt
|2 rdacontent
|
| 337 |
|
|
|a unmediated
|b n
|2 rdamedia
|
| 338 |
|
|
|a volume
|b nc
|2 rdacarrier
|
| 504 |
|
|
|a Includes bibliographical references and index.
|
| 505 |
0 |
|
|a An overview of nutrition -- Planning a healthy diet -- Digestion, absorption, and transport -- The carbohydrates : sugars, starches, and fibers -- The lipids : triglycerides, phospholipids, and sterols -- Protein : amino acids -- Metabolism : transformations and interactions -- Energy balance and body composition -- Weight management : overweight and underweight -- The water-soluble vitamins : B vitamins and vitamin C -- The fat soluble vitamins : A, D, E, and K -- Water and the major minerals -- The trace minerals -- Fitness : physical activity, nutrients, and body adaptations -- Life cycle nutrition : pregnancy and lactation -- Life cycle nutrition : infancy, childhood, and adolescence -- Life cycle nutrition : adulthood and the later years -- Diet and health -- Consumer concerns about foods and water -- Hunger and global environmental problems -- Appendix A: Cells, hormones, and nerves -- Appendix B: Basic chemistry concepts -- Appendix C: Biochemical structures and pathways -- Appendix D: Measures of protein quality -- Appendix E: Nutrition assessment -- Appendix F: Nutrition resources -- Appendix G: United States : exchange lists -- Appendix H: Table of food composition -- Appendix I: WHO : nutrition recommendations ; Canada : choice system and guidelines.
|
| 520 |
|
|
|a This text presents core information for an introductory nutrition course. Each chapter includes a section examining current and often controversial topics, such as functional foods and food biotechnology. Learning features include margin definitions and a glossary, health promotion advice, and interesting facts, plus exercises on nutrition-related calculations, Internet activities, and study questions. This ninth edition contains new information on genetics, phytochemicals, antioxidants, and alternative therapies. Whitney was formerly on the faculty at Florida State University. She is a dietician registered with the American Dietetic Association. Rolfes is a founding member of a nutrition information resource center. c. Book News Inc.-- Distributed by Syndetics Solutions, LLC.
|
| 650 |
|
0 |
|a Nutrition.
|
| 650 |
|
2 |
|a Nutritional Physiological Phenomena.
|
| 700 |
1 |
|
|a Rolfes, Sharon Rady.
|
| 948 |
|
|
|a cataloged
|b cmulkey
|c 2003/8/6
|d 2:42:47 pm
|
| 994 |
|
|
|a E0
|b TXA
|
| 999 |
|
|
|a MARS
|
| 999 |
f |
f |
|s ccd32efd-ce9b-371e-80b7-fd7023cc63e9
|i 17fb9e68-992f-3361-b02a-099d02bc0b06
|t 0
|
| 952 |
f |
f |
|p normal
|a Texas A&M University
|b College Station
|c Sterling C. Evans Library
|d Evans: Library Stacks
|t 0
|e QP141 .W46 2002
|h Library of Congress classification
|i unmediated -- volume
|m A14830447378
|
| 998 |
f |
f |
|a QP141 .W46 2002
|t 0
|l Evans: Library Stacks
|